| 000 | 00606nam a22001937a 4500 | ||
|---|---|---|---|
| 005 | 20251108171802.0 | ||
| 008 | 250721s1994 xx 000 0 ara d | ||
| 020 | _a9770246328 | ||
| 082 | 1 | 4 | _aط/621.388/تلي |
| 245 | 1 | 0 | _aالتليفزيون / |
| 264 | 1 |
_aالقاهره : _bدار المعارف للطبعة العربية، _c1994. |
|
| 300 | _a34 ص. : مص. | ||
| 490 | 0 | _aالمعارف للأولاد | |
| 650 | 1 | 7 | _aالبث التلفزيوني |
| 650 | 1 | 7 | _aالتسجيل التلفزيوني |
| 653 | _aناشئون صغار (10-14 سنة) | ||
| 942 |
_2ddc _cBK |
||
| 999 |
_c62444 _d62444 |
||